Esquisse d'un tableau historique des progrés de l'esprit humain

I tiakina i:
Ngā taipitopito rārangi puna kōrero
Kaituhi matua: Condorcet, Antoine Marquis de (Author)
Hōputu: Pukapuka
Reo:Wīwī
I whakaputaina: París J. Vrin 1970
Rangatū:Bibliothèque des Textes Philosophiques
Ngā marau:
Ngā Tūtohu: Tāpirihia he Tūtohu
Kāore He Tūtohu, Me noho koe te mea tuatahi ki te tūtohu i tēnei pūkete!

MARC

LEADER 00000nam a2200000 a 4500
001 UCZ6049
003 CL-VaPUC
008 951201e19700000FR |||||||||||||||||fre|d
082 0 4 |a 901  |b CON  |2 21 
100 0 |a Condorcet, Antoine Marquis de  |e author  |9 350253 
245 1 0 |a Esquisse d'un tableau historique des progrés de l'esprit humain 
300 |a 245 p 
942 |c BK 
945 |d 19951201 00:00:00  |a lriquelm 
260 |a París  |b J. Vrin  |c 1970 
650 0 |a Filosofía de la historia  |9 265651 
650 0 |a Historia y estudios conexos  |9 338055 
650 0 |a Naturaleza humana   |9 308593 
650 0 |a Cultura  |9 269059 
650 0 |a Historia antigua  |9 267521 
583 |a last modification  |c 19951201 00:00:00  |k Rodrigo Vera 
490 0 |a Bibliothèque des Textes Philosophiques 
999 |c 242308  |d 242306 
952 |0 0  |1 0  |4 0  |6 901_000000000000000_CON_1970  |7 0  |8 P  |9 255150  |a BIBEDU  |b BIBEDU  |c BIBEDU_PB  |d 2019-11-19  |i 1578731  |o 901 CON 1970  |p 1578731  |r 2024-01-25  |w 2019-11-19  |y BK  |k FIL